| 000 | 00690nam a2200265 i 4500 | ||
|---|---|---|---|
| 001 | C2-0145086 | ||
| 003 | PPAK | ||
| 005 | 20180727130534.0 | ||
| 008 | 980228s1983 xxka|||| ||||| | eng d | ||
| 020 | _a0582390893 | ||
| 040 |
_aPPAK _beng _cPPAK _erda |
||
| 082 | 0 | 4 |
_a551.458 _223 |
| 090 | 0 | 0 |
_a551.458 _bSOO _dR |
| 100 | 1 |
_aSoothill, Eric, _eauthor |
|
| 245 | 1 | 0 | _aSeashore |
| 264 | 1 |
_aEssex : _bLongman , _c1983 |
|
| 300 |
_a28 pages : _bcolour illustrations ; _c26 cm |
||
| 336 |
_2rdacontent _atext |
||
| 337 |
_2rdamedia _aunmediated |
||
| 338 |
_2rdacarrier _avolume |
||
| 490 | 1 | _aClose-up on nature | |
| 700 | _eauthor | ||
| 830 | 0 | _aClose-up on nature | |
| 942 |
_ddc _cB |
||
| 999 |
_c45727 _d45727 |
||